Tiếng cười từ kho tàng ca dao người Việt
TM tài liệu tham khảo tr. 419 - 421; Tìm hiểu tiếng cười từ mảng ca dao cười của kho tàng ca dao người Việt; giới thiệu các bài ca dao cười
Uloženo v:
| Hlavní autor: | |
|---|---|
| Další autoři: | |
| Médium: | Kniha |
| Jazyk: | Undetermined |
| Vydáno: |
H.
Đại học Quốc gia Hà Nội
2010
|
| Témata: | |
| On-line přístup: | http://lrc.tdmu.edu.vn/opac/search/detail.asp?aID=2&ID=19074 |
| Tagy: |
Přidat tag
Žádné tagy, Buďte první, kdo otaguje tento záznam!
|
| Thư viện lưu trữ: | Trung tâm Học liệu Trường Đại học Thủ Dầu Một |
|---|
| LEADER | 00998nam a2200217Ia 4500 | ||
|---|---|---|---|
| 001 | TDMU_19074 | ||
| 008 | 210410s9999 xx 000 0 und d | ||
| 082 | |a 398.809597 | ||
| 090 | |b TR309 | ||
| 100 | |a Triều, Nguyên | ||
| 245 | 0 | |a Tiếng cười từ kho tàng ca dao người Việt | |
| 245 | 0 | |c Triều Nguyên | |
| 260 | |a H. | ||
| 260 | |b Đại học Quốc gia Hà Nội | ||
| 260 | |c 2010 | ||
| 300 | |a 423 tr. | ||
| 520 | |a TM tài liệu tham khảo tr. 419 - 421; Tìm hiểu tiếng cười từ mảng ca dao cười của kho tàng ca dao người Việt; giới thiệu các bài ca dao cười | ||
| 650 | |a Văn hóa dân gian |x Ca dao |z Việt Nam; Ca dao |z Việt Nam; Việt Nam |x Văn hóa |x Ca dao | ||
| 700 | |a Hội Văn nghệ dân gian Việt Nam | ||
| 856 | |u http://lrc.tdmu.edu.vn/opac/search/detail.asp?aID=2&ID=19074 | ||
| 980 | |a Trung tâm Học liệu Trường Đại học Thủ Dầu Một | ||